| 000 | 00679nam a2200157Ia 4500 | ||
|---|---|---|---|
| 008 | 231221s9999 xx 000 0 und d | ||
| 041 | _aEnglish | ||
| 082 | _a370.54 RUD;6 | ||
| 100 | _aRudresh, B S | ||
| 245 | 0 | _aUdayonmukha bharathadalli shikhshana, B.Ed, D.Ed, M.Ed, hagoo padavi taragatiya shikshana vidyarthigaligaagi karnatakada ella v v gala hosa patyakramaanusaaravaagi rachisalaagide | |
| 260 |
_c2004 _bVidyanidhi _aGadag |
||
| 300 | _a201 | ||
| 500 | _a | ||
| 650 | _aUdayonmukha,bharathadalli,shikhshana,,B.Ed,,D.Ed,,M.Ed,,hagoo,padavi,taragatiya,shikshana,vidyarthigaligaagi,karnatakada,ella,v,v,gala,hosa,patyakramaanusaaravaagi,rachisalaagide | ||
| 942 | _cED | ||
| 999 |
_c207189 _d207189 |
||